| 000 | 00810nam0a22002411 4500 | ||
|---|---|---|---|
| 001 | rc\2791864 | ||
| 005 | 20250529171331.0 | ||
| 035 | _a(NLR Aleph) 006917967 | ||
| 090 |
_a7416169 _c7416169 |
||
| 100 | _a20110915d1935 |||y0rusy50 ca | ||
| 101 | 0 | _arus | |
| 102 | _aRU | ||
| 105 | _aa z ||||| | ||
| 200 | 1 |
_aПресс Бюлера _e[Альбом чертежей] _fИнж. К. Г. Яковлев |
|
| 210 |
_aКазань _cТатгосиздат. Сектор общ. и пром.-техн. лит-ры _d1935 _gкн. ф-ка "Камиль Якуб" |
||
| 215 |
_aОбл., [17] с., без тит. л. _cчерт. _d35х26 см. |
||
| 700 | 1 |
_aЯковлев _bК.Г. |
|
| 801 | 0 |
_aRU _bNLR _gpsbo |
|
| 801 | 1 |
_aRU _bELAR _2rusmarc |
|
| 852 |
_aNLR _j35-13/700 |
||
| 942 | _cBOOK | ||
| 980 | _aNB | ||